UM Logo

Fundamentals of industrial security / (Record no. 24125)

MARC details
000 -LEADER
fixed length control field 00661nam a22001817a 4500
005 - DATE AND TIME OF LATEST TRANSACTION
control field 20251106110047.0
008 - FIXED-LENGTH DATA ELEMENTS--GENERAL INFORMATION
fixed length control field 251103b |||||||| |||| 00| 0 eng d
020 ## - INTERNATIONAL STANDARD BOOK NUMBER
International Standard Book Number 9786214183852
082 ## - DEWEY DECIMAL CLASSIFICATION NUMBER
Classification number DFil 363.289 P337 2025
100 ## - MAIN ENTRY--PERSONAL NAME
Personal name Peckley, Miller F.
9 (RLIN) 347
245 ## - TITLE STATEMENT
Title Fundamentals of industrial security /
Statement of responsibility, etc. Miller F. Peckley.
260 ## - PUBLICATION, DISTRIBUTION, ETC. (IMPRINT)
Place of publication, distribution, etc. Quezon City :
Name of publisher, distributor, etc. Wiseman's Books Trading, Inc.,
Date of publication, distribution, etc. ©2025.
300 ## - PHYSICAL DESCRIPTION
Extent viii, 193 pages :
Other physical details illustrations ;
Dimensions 21 cm.
500 ## - GENERAL NOTE
General note Includes glossary, references, and appendices.
650 #0 - SUBJECT ADDED ENTRY--TOPICAL TERM
Topical term or geographic name as entry element Industries
General subdivision Security measures.
9 (RLIN) 69254
650 #0 - SUBJECT ADDED ENTRY--TOPICAL TERM
Topical term or geographic name as entry element Private security services
General subdivision Management.
9 (RLIN) 69255
942 ## - ADDED ENTRY ELEMENTS (KOHA)
Source of classification or shelving scheme Dewey Decimal Classification
Koha item type Filipiniana
Holdings
Withdrawn status Lost status Source of classification or shelving scheme Damaged status Not for loan Collection code Home library Current library Date acquired Source of acquisition Cost, normal purchase price Total Checkouts Full call number Barcode Date last seen Price effective from Koha item type
    Dewey Decimal Classification     Filipiniana UM Digos College - LIC UM Digos College - LIC 08/11/2025 Purchased 398.00   DFil 363.289 P337 2025 29166 11/03/2025 11/03/2025 Filipiniana